| 000 | 00421nam a2200097Ia 4500 | ||
|---|---|---|---|
| 008 | 180130s9999 xx 000 0 und d | ||
| 245 |
_cHoushang, Taghizadeh; Amir, Honarpour _aA heuristic algorithm for determining the production batch size and the idle time for minimizing makespan |
||
| 260 | _c2016 | ||
| 300 | _aBook title: Information technology management--Acession number C20746; pages 34-44 | ||
| 650 | _aIT MANAGEMENT | ||
| 999 |
_c354257 _d354257 |
||